00396 a2200109 4500001000900000005001700009008004100026245011100067100002100178700002400199773006300223ART_788720260410161638.0260409a 10aBreves reflexiones sobre la finalización (?) de la vigencia del impuesto a la Ganancia Mínima Presunta1 aLorenzo, Armando1 aCavalli, César M.0 tConsultor tributariog- Vol. 2, Nº 17 (jul. 2008)wREV474